000 00246nam a2200097Ia 4500
008 190216s9999||||xx |||||||||||||| ||und||
100 _aEalam Kulam Kunjan Pilla
245 0 _aChera Samrajyam 9 Um 10 Um Nootandukalil
260 _bNull
942 _cBK
999 _c18594
_d18594